北京地铁8号线地铁站 - Statistics

General Stats
  • This quiz has been taken 21 times
  • The average score is 22 of 35
Answer Stats
Transfers Remarks Stations % Correct
15号线 奥林匹克公园
95%
6号线 南锣鼓巷
95%
1号线 王府井
95%
昌平线 朱辛庄
89%
10号线 北土城
89%
2号线 前门
89%
回龙观东大街
84%
13号线 霍营
84%
奥体中心
84%
7号线 珠市口
84%
火箭万源
84%
瀛海
84%
2号线 鼓楼大街
79%
中国美术馆
79%
金鱼胡同
79%
森林公园南门
68%
什刹海
68%
10号线 暂缓开通 大红门
68%
林萃桥
63%
安德里北街
63%
14号线 永定门外
63%
育知路
53%
平西府
53%
安华桥
53%
天桥
53%
永泰庄
47%
育新
42%
西小口
37%
东高地
37%
德茂
37%
木樨园
32%
大红门南
32%
海户屯
26%
五福堂
26%
和义
21%
No matching quizzes found
Score Distribution
Percent of People with Each Score
Percentile by Number Answered
Your Score History
You have not taken this quiz